[Event "European Blitz 2024"]
[Site "Skopje MKD"]
[Date "2024.12.09"]
[Round "5.9"]
[White "Deac, Bogdan-Daniel"]
[Black "Beerdsen, Thomas"]
[Result "1-0"]
[WhiteElo "2696"]
[BlackElo "2502"]
[PlyCount "103"]
[EventDate "2024.12.09"]
[EventType "blitz"]

1. Nf3 d5 2. e3 Nf6 3. c4 c6 4. Nc3 a6 5. Qc2 b5 6. b3 g6 7. Bb2 Bf5 8. Bd3 Bxd3 9. Qxd3 e6 ({RR} 9... Bg7 10. cxd5 Nxd5 11. Nd1 O-O 12. Bxg7 Kxg7 13. Rc1 Qd6 14. Nc3 Nf6 15. Qxd6 exd6 16. d4 Nbd7 17. Ke2 Rfc8 18. Rhd1 Nb6 19. Nd2 Kf8 20. Nce4 Nxe4 21. Nxe4 Ke7 22. g4 Nd5 23. h4 Kd7 24. h5 {Gajewski,G (2561)-Polak,T (2518) Hannover GER 2024 ½-½ (51)}) ({RR} 9... dxc4 10. Qxd8+ Kxd8 11. bxc4 Nbd7 12. Ke2 Bg7 13. Rac1 Rb8 14. Rc2 bxc4 15. Nb1 Kc7 16. Na3 Rxb2 17. Rxb2 Nd5 18. Rbb1 c3 19. d4 c5 20. Rhc1 cxd4 21. Nxd4 Nc5 22. Nac2 e5 23. Nb3 Na4 24. Na5 {Deac,B (2680)-Beerdsen,T (2509) chess.com INT 2024 1-0 (55)}) 10. cxd5 cxd5 11. a4 $146 ({RR} 11. O-O Bg7 12. a4 b4 13. Ne2 Nc6 14. Rac1 Qb6 15. Qc2 Rc8 16. Ne5 Ne7 17. Qxc8+ Nxc8 18. Rxc8+ Ke7 19. Bd4 Qd6 20. Rc6 Qb8 21. Bc5+ Ke8 22. Bd6 Qd8 23. Rfc1 Ne4 24. Bxb4 Bxe5 25. Rc8 Kd7 {Danielian,E (2466)-Kulovana,E (2359) Khanty-Mansiysk 2010 1-0 (70)}) 11... b4 12. Ne2 Nbd7 13. Rc1 Bg7 14. O-O O-O 15. Rc6 a5 16. Rfc1 Qb8 17. Rc7 Ra7 18. Rxa7 Qxa7 19. Ne5 Nxe5 20. Bxe5 Ne4 21. Bxg7 Kxg7 22. f3 Nf6 23. Qd4 Qb8 24. Qc5 Qa8 25. Nd4 e5 26. Nb5 Rd8 27. Qc7 e4 28. f4 Rd7 29. Qe5 Qd8 30. Rc6 d4 31. Nxd4 Rd5 32. Qc7 Qe8 33. Qb6 Nh5 34. g3 Qe7 35. Rc7 Qe8 36. Qb7 Rd8 37. Qc6 Qxc6 38. Rxc6 Nf6 39. Kf1 Nd5 40. Rc5 h5 41. Rxa5 h4 42. Rc5 hxg3 43. hxg3 Nf6 44. a5 Rh8 45. Kg2 Ng4 46. Rg5 Nf6 47. a6 Ra8 48. Ra5 Nd7 49. a7 Nb6 50. Nc6 Kf6 51. Nxb4 Ke6 52. Ra6 1-0

[Event "European Blitz 2024"]
[Site "Skopje MKD"]
[Date "2024.12.09"]
[Round "5.11"]
[White "Santos Latasa, J."]
[Black "Subelj, Jan"]
[Result "1-0"]
[WhiteElo "2628"]
[BlackElo "2526"]
[PlyCount "83"]
[EventDate "2024.12.09"]
[EventType "blitz"]

1. Nf3 d5 2. e3 Nf6 3. c4 e6 4. Nc3 Bd6 5. b3 O-O 6. Bb2 b6 7. cxd5 exd5 8. Nb5 Be7 9. Be5 Ne8 10. Rc1 c5 11. Bxb8 Rxb8 12. Nxa7 Bd7 ({RR} 12... Bb7 13. Nb5 d4 14. Bc4 Nd6 15. O-O Nxc4 16. bxc4 d3 17. Rc3 Bf6 18. Rb3 Qd7 19. Ne1 Qe6 20. Qc1 Rfd8 21. Rxd3 h5 22. Rxd8+ Rxd8 23. d3 Bc6 24. a4 Qd7 25. e4 Ra8 26. Nc3 Bxa4 27. Nd5 {Artemiev,V (2700)-Ding,L (2799) chess24.com INT 2022 1-0 (38)}) 13. Nb5 Nd6 $146 ({RR} 13... Ra8 14. a4 Nd6 15. Nxd6 Bxd6 16. Be2 Qf6 17. O-O d4 18. exd4 cxd4 19. Rc4 Bc5 20. Qb1 Be6 21. Rcc1 Bd5 22. Rfe1 g6 23. Qd3 Rfe8 24. Bf1 Kg7 25. Rxe8 Rxe8 26. b4 Bxb4 27. Qxd4 Qxd4 28. Nxd4 {Artemiev,V (2701)-Alekseenko,K (2687) chess.com INT 2022 1-0 (51)}) 14. Nxd6 Bxd6 15. Be2 b5 16. O-O Qa5 17. Rc2 c4 18. Nd4 Be5 19. Bg4 f5 20. Bf3 b4 21. bxc4 Bxd4 22. Bxd5+ Kh8 23. exd4 Ba4 24. Qc1 Bxc2 25. Qxc2 Rbd8 26. h3 f4 27. Re1 Qa7 28. Re4 Rde8 29. c5 Qd7 30. Bb3 f3 31. Ba4 Rxe4 32. Bxd7 Re1+ 33. Kh2 Re2 34. Bg4 Rxf2 35. Bxf3 R8xf3 36. c6 Rf8 37. c7 Rc8 38. d5 Rf6 39. Qc5 Kg8 40. d6 Rf7 41. Qd5 Kf8 42. d7 1-0

[Event "European Blitz 2024"]
[Site "Skopje MKD"]
[Date "2024.12.09"]
[Round "7.7"]
[White "Fressinet, L."]
[Black "Smeets, J."]
[Result "1-0"]
[WhiteElo "2588"]
[BlackElo "2552"]
[PlyCount "54"]
[EventDate "2024.12.09"]
[EventType "blitz"]

1. Nf3 {Hecht,Hans Joachim Dolmatov,Sergey} d5 2. g3 Nf6 3. Bg2 b5 4. O-O e6 5. d3 Bb7 6. e4 Be7 7. Nbd2 O-O ({RR} 7... b4 8. e5 Nfd7 9. Re1 c5 10. h4 Nc6 11. Nf1 Qc7 12. Bf4 h6 13. Ne3 Nb6 14. a3 d4 15. Nc4 Nxc4 16. dxc4 O-O-O 17. axb4 cxb4 18. Qd3 Qb6 19. h5 Kb8 20. Nd2 b3 21. Qxb3 Qxb3 22. Nxb3 {Bruzon Batista,L (2573)-Kortschnoj,V (2639) Hoogeveen 2001 CBM 086 [Hecht,Hans Joachim] 1-0 (72)}) 8. a4 $146 ({RR} 8. Qe2 c5 9. Re1 Nc6 10. c3 ({RR} 10. e5 Nd7 11. Nf1) 10... a5 11. exd5 ({RR} 11. e5 Nd7 12. Nf1 b4 13. h4 a4 14. a3) 11... exd5 ({RR} 11... Nxd5 12. Ne4 h6) 12. d4 ({RR} 12. Nf1 Re8 13. Bg5) 12... Qb6 13. dxc5 ({RR} 13. Nb3 c4 14. Nc5 Bxc5 15. dxc5 Qxc5 16. Be3 Qd6 17. Nd4 Nxd4 18. Bxd4) 13... Bxc5 14. Nb3 Rfe8 15. Qc2 ({RR} 15. Qf1 b4) 15... d4 16. Qf5 ({RR} 16. Nxc5 Qxc5 17. Bg5 Nd5 18. Rxe8+ Rxe8 19. Rc1 dxc3 20. bxc3) ({RR} 16. Rxe8+ Rxe8 17. cxd4 Nxd4 18. Nbxd4 ({RR} 18. Qxc5 Nxf3+ 19. Bxf3 Re1+ 20. Kg2 Bxf3+ 21. Kxf3 Qb7+) 18... Bxd4 19. Bf4) 16... Rxe1+ 17. Nxe1 Re8 18. Nf3 ({RR} 18. Bg5 Re5) ({RR} 18. Bf4 Bf8 19. Nxd4 Nxd4 20. cxd4 Bxg2 21. Nxg2 Qxd4 22. Qxb5) 18... Bd6 19. Bg5 ({RR} 19. Nbxd4 Nxd4 20. cxd4 Be4 21. Qg5 Qb7) 19... Ne4 ({RR} 19... dxc3 20. Bxf6 gxf6 21. Qxf6 Re6 22. Qxc3 b4) 20. Re1 ({RR} 20. Nbxd4 Nxd4 21. Nxd4 ({RR} 21. cxd4 g6 22. Qd7 Bc6 23. Qh3) 21... Re5 ({RR} 21... Bc8 22. Qxb5 Qxb5 23. Nxb5) 22. Qd7) 20... Ne7 21. Bxe7 ({RR} 21. Qd7 Bc6) 21... g6 22. Qh3 dxc3 {Bilek,I-Tal,M Moscow 1967 MCL [Dolmatov,Sergey] 0-1} {RR} 23. Bxd6 Qxf2+ 24. Kh1 Qxe1+ 25. Nxe1 Nf2+ 26. Kg1 Nxh3+ 27. Bxh3 Rxe1+ 28. Kf2 cxb2) ({RR} 8. e5 Nfd7 9. Re1 c5 10. h4 Nc6 11. Nf1 a5 12. Bf4 a4 13. a3 b4 14. h5 h6 15. N1h2 bxa3 16. bxa3 c4 17. Ng4 cxd3 18. cxd3 Nc5 19. Bxh6 gxh6 20. Qd2 f5 21. exf6 Bxf6 22. Rab1 Bg7 {Burmakin,V (2435)-Zakhartsov,V (2481) chess.com INT 2025 1-0 (59)}) 8... a6 9. Re1 c5 10. exd5 Nxd5 11. Ne4 Nc6 12. Bg5 f6 13. Bd2 Re8 14. c3 Bf8 15. Qb3 Na5 16. Qc2 c4 17. dxc4 Nxc4 18. Rad1 Nxd2 19. Rxd2 Qb6 20. Rde2 Rac8 21. axb5 axb5 22. Qb3 Ba6 23. Ned2 b4 24. Rxe6 Rxe6 25. Qxd5 Rce8 26. Nd4 Bc8 27. Bh3 Kf7 1-0

[Event "European Blitz 2024"]
[Site "Skopje MKD"]
[Date "2024.12.09"]
[Round "13.6"]
[White "Fressinet, L."]
[Black "Beerdsen, Thomas"]
[Result "1-0"]
[WhiteElo "2588"]
[BlackElo "2502"]
[PlyCount "91"]
[EventDate "2024.12.09"]
[EventType "blitz"]

1. Nf3 d5 2. g3 Nc6 3. Bg2 e5 4. d3 Nf6 5. O-O Be7 6. Nbd2 e4 7. Ne1 ({RR} 7. dxe4 dxe4 8. Ng5 e3 9. fxe3 O-O 10. Nge4 Nxe4 11. Nxe4 Be6 12. Nf2 Qxd1 13. Rxd1 Nb4 14. Bd2 a5 15. Nd3 c6 16. Nf4 Nxc2 17. Rac1 Nb4 18. a3 Nd5 19. Bxd5 cxd5 20. Rc7 Bf6 21. Bc3 Bxc3 {Mamedov,R (2646)-Dubov,D (2708) chess24.com INT 2022 1-0 (42)}) ({RR} 7. dxe4 dxe4 8. Ng5 e3 9. fxe3 O-O 10. Nde4 Be6 11. Nxe6 fxe6 12. Qxd8 Nxd8 13. Bd2 Nxe4 14. Rxf8+ Bxf8 15. Bxe4 c6 16. Bc3 Nf7 17. Rd1 Rd8 18. Rxd8 Nxd8 19. Bd4 a6 20. Bb6 Nf7 21. Kf2 Bd6 {Piesik,P (2434)-Parfenov,V (2193) chess.com INT 2025 1-0 (53)}) 7... h5 8. c4 ({RR} 8. h3 h4 9. g4 Nxg4 10. hxg4 h3 11. Bxe4 dxe4 12. Nxe4 h2+ 13. Kh1 Bxg4 14. Ng2 Qd7 15. f3 Bh3 16. Nf2 Bxg2+ 17. Kxg2 O-O-O 18. Kh1 f5 19. b4 g5 20. b5 Nd4 21. Bb2 g4 22. e3 Nxf3 {Ivic,V (2610)-Beerdsen,T (2505) chess.com INT 2024 0-1 (31)}) 8... dxc4 $146 ({RR} 8... h4 9. cxd5 hxg3 10. dxc6 gxf2+ 11. Rxf2 e3 12. Rxf6 exd2 13. Bxd2 Bxf6 14. cxb7 Bxb7 15. Bxb7 Rb8 16. Bc6+ Kf8 17. Nf3 g5 18. Qa4 g4 19. Qxg4 Rg8 20. Bh6+ Ke7 21. Bg5 Qd6 22. Qe4+ Kf8 23. h4 {Christiansen,L (2460)-Regan,K (2375) Lone Pine 1977 1-0 (56)}) 9. Nxe4 cxd3 10. Nxd3 h4 11. Ndc5 hxg3 12. Qxd8+ Bxd8 13. hxg3 Nd4 14. Nc3 Be7 15. Nb3 Ne6 16. Rd1 c6 17. Na5 Bc5 18. Nxc6 O-O 19. Na5 Ng4 20. Ne4 Bb4 21. Bd2 Be7 22. Bc3 Nc7 23. Nd6 Bxd6 24. Rxd6 Nb5 25. Rd2 Nxc3 26. bxc3 Rb8 27. Rad1 Be6 28. Nxb7 Rfc8 29. Rd8+ Kh7 30. a3 Nf6 31. Bf3 Bb3 32. R1d4 g5 33. g4 Be6 34. c4 Kg7 35. Rxc8 Rxc8 36. c5 Rc7 37. c6 Nh7 38. Nc5 Nf8 39. e3 Bc8 40. Rd8 Be6 41. Rb8 Bc8 42. Rb7 Bxb7 43. cxb7 Rxc5 44. b8=Q Ne6 45. Qxa7 Rc3 46. Bd5 1-0

[Event "European Blitz 2024"]
[Site "Skopje MKD"]
[Date "2024.12.09"]
[Round "13.15"]
[White "Van Foreest, Lucas"]
[Black "Fridman, D."]
[Result "1-0"]
[WhiteElo "2520"]
[BlackElo "2571"]
[PlyCount "78"]
[EventDate "2024.12.09"]
[EventType "blitz"]

1. Nf3 d5 2. g3 Nd7 3. d4 Nb6 4. a4 a5 5. b3 Bf5 6. Nh4 ({RR} 6. Ba3 Nd7 7. Bg2 e6 8. Bxf8 Nxf8 9. c4 Nf6 10. Nc3 c6 11. O-O Ne4 12. Rc1 {½-½ (12) Fridman,D (2602)-Pultinevicius,P (2561) Katowice POL 2022}) 6... Be4 ({RR} 6... Bg4 7. h3 Bh5 8. Ba3 Nd7 9. Bg2 e6 10. Bxf8 Nxf8 11. Qd3 c6 12. e4 Nf6 13. Nd2 Ng6 14. Nhf3 dxe4 15. Nxe4 Nxe4 16. Qxe4 Ne7 17. Qe5 Qd5 18. c4 Qxe5+ 19. Nxe5 O-O-O 20. g4 Bg6 21. O-O-O {Kistrup,N (2374)-Karacsonyi,G (2368) Hillerod DEN 2025 0-1 (96)}) 7. f3 Bg6 8. Bg2 $146 ({RR} 8. Ba3 e6 9. Bxf8 Kxf8 10. Nc3 Bh5 11. Qd2 g5 12. Ng2 Qf6 13. h4 h6 14. O-O-O c5 15. hxg5 hxg5 16. dxc5 Nd7 17. Qd4 Kg7 18. g4 Bg6 19. Rxh8 Kxh8 20. e4 dxe4 21. fxe4 Qxd4 22. Rxd4 Nxc5 {Khotenashvili,B (2467)-Ushenina,A (2415) Monaco MNC 2024 ½-½ (119)}) 8... e6 9. Nxg6 hxg6 10. O-O Nf6 11. e4 c6 12. c3 Be7 13. Be3 Qc7 14. Nd2 Rd8 15. Qe2 Nbd7 16. Rac1 e5 17. dxe5 Nxe5 18. f4 Neg4 19. e5 Nxe3 20. exf6 Bc5 21. fxg7 Rg8 22. Rfe1 Kd7 23. b4 Ba7 24. Bh3+ Nf5+ 25. Kh1 Rxg7 26. Nb3 Kc8 27. Nxa5 Rh7 28. Bxf5+ gxf5 29. Nb3 Rdh8 30. Rc2 Qd6 31. Qd3 Rh5 32. Re5 Qg6 33. Rg2 Qg4 34. Qe2 Qg6 35. b5 Kb8 36. Re8+ Rxe8 37. Qxe8+ Kc7 38. Qe7+ Kc8 39. Na5 Qg4 1-0

[Event "Titled Tue 3rd Dec Early"]
[Site "chess.com INT"]
[Date "2024.12.03"]
[Round "5"]
[White "Zierk, S."]
[Black "Bluebaum, M."]
[Result "1-0"]
[WhiteElo "2501"]
[BlackElo "2650"]
[PlyCount "119"]
[EventDate "2024.12.03"]

1. Nf3 d5 2. g3 e6 3. Bg2 Nf6 4. O-O Bd6 5. c4 O-O 6. b3 Nc6 7. Bb2 d4 8. d3 e5 9. Na3 Re8 10. Nc2 a5 11. a3 Bf5 $146 ({RR} 11... h6 12. Rb1 Bf5 13. Nd2 Bc5 14. b4 axb4 15. axb4 Nxb4 16. Nxb4 Bxb4 17. Bxb7 Rb8 18. Bg2 c5 19. Qc2 Qd7 20. Ra1 Bh3 21. Ba3 Bxd2 22. Qxd2 Bxg2 23. Kxg2 e4 24. Kg1 Qh3 25. f3 e3 26. Qe1 {Sjugirov,S (2703)-Bluebaum,M (2670) chess.com INT 2023 0-1 (39)}) 12. e3 dxe3 13. Nxe3 Bg6 14. d4 exd4 15. Nxd4 Be5 16. Nxc6 Qxd1 17. Nxd1 Bxb2 18. Nxb2 Re2 19. Nxa5 Rxa5 20. Na4 b6 21. Nc3 Rc2 22. b4 Re5 23. Rfc1 Rb2 24. Re1 Rxe1+ 25. Rxe1 h5 26. Nd5 Nxd5 27. Bxd5 Kf8 28. Re3 Bf5 29. Kg2 Bd7 30. h4 Ra2 31. Rc3 c6 32. Bf3 c5 33. bxc5 bxc5 34. Bxh5 Be6 35. Bf3 Ke7 36. h5 Kd6 37. Rd3+ Ke5 38. Bd5 Rc2 39. Re3+ Kd6 40. Bxe6 fxe6 41. Re4 Ra2 42. Rg4 Rxa3 43. Rxg7 Ke5 44. g4 Ra8 45. h6 Kd4 46. h7 Rh8 47. g5 Kxc4 48. g6 Rd8 49. Rg8 Rd5 50. h8=Q Rg5+ 51. Kf1 Kb3 52. Rb8+ Kc4 53. Qf6 Rd5 54. Qxe6 Kd4 55. Qxd5+ Kxd5 56. g7 c4 57. g8=Q+ Kd4 58. Rb4 Ke4 59. Qxc4+ Kf3 60. Rb3# 1-0

[Event "Titled Tue 3rd Dec Early"]
[Site "chess.com INT"]
[Date "2024.12.03"]
[Round "6"]
[White "Makarian, Rudik"]
[Black "Martinez Alcantara, Jose Eduardo"]
[Result "1-0"]
[WhiteElo "2547"]
[BlackElo "2598"]
[PlyCount "107"]
[EventDate "2024.12.03"]

1. Nf3 c5 2. c4 Nc6 3. Nc3 g6 4. e3 Bg7 5. d4 d6 6. d5 Nb4 7. e4 Nf6 8. Be2 O-O 9. O-O e5 10. a3 Na6 11. Ne1 $146 ({RR} 11. Rb1 Ne8 12. b4 f5 13. Ng5 Nac7 14. bxc5 dxc5 15. a4 Nd6 16. exf5 gxf5 17. a5 Rb8 18. f4 exf4 19. Na4 Qxg5 20. Nxc5 Qe7 21. Bxf4 b6 22. Nb3 Bd7 23. axb6 axb6 24. Nd4 Qf6 25. Ne6 Bxe6 {Seo,J (2466)-Martinez Alcantara,J (2611) chess.com INT 2023 0-1 (48)}) 11... Ne8 12. f4 exf4 13. Bxf4 Nb8 14. Nd3 Qe7 15. Qd2 Nd7 16. Rf2 Ne5 17. Nxe5 Bxe5 18. Bxe5 Qxe5 19. Raf1 Bd7 20. Qf4 Qxf4 21. Rxf4 f6 22. b4 Rc8 23. Rb1 b6 24. Kf2 Rf7 25. Ke3 Re7 26. g4 Kg7 27. h4 f5 28. gxf5 Bxf5 29. Rg1 Nf6 30. Rxf5 cxb4 31. axb4 b5 32. h5 a5 33. hxg6 hxg6 34. Rfg5 axb4 35. Rxg6+ Kf7 36. Rg7+ Kf8 37. Rxe7 Kxe7 38. Nxb5 Rh8 39. Rg7+ Kf8 40. Rb7 Rh3+ 41. Bf3 Ng4+ 42. Kf4 Ne5 43. Nxd6 Nxf3 44. c5 Nd4 45. c6 Rc3 46. c7 b3 47. c8=Q+ Rxc8 48. Nxc8 Ne6+ 49. dxe6 b2 50. Nd6 b1=Q 51. e7+ Kg7 52. Rxb1 Kf6 53. e8=Q Kg7 54. Rh1 1-0

[Event "Titled Tue 3rd Dec Late"]
[Site "chess.com INT"]
[Date "2024.12.03"]
[Round "4"]
[White "Svane, R."]
[Black "Nepomniachtchi, I."]
[Result "1-0"]
[WhiteElo "2628"]
[BlackElo "2755"]
[PlyCount "69"]
[EventDate "2024.12.03"]

1. Nf3 ({RR} 1. e4 c5 2. c3 d6 3. d4 Nf6 4. Bd3 g6 5. Nf3 Bg7 6. O-O cxd4 7. cxd4 O-O 8. Nc3 Nc6 {½-½ (12) Smagin,S (2545)-Asanov,B (2360) St Petersburg 1994}) 1... g6 2. d4 Bg7 3. e4 d6 4. Bd3 Nf6 5. O-O O-O 6. h3 c5 7. c3 cxd4 8. cxd4 Nc6 9. Nc3 e5 10. d5 Ne7 11. Nd2 ({RR} 11. Be3 Nh5 12. Rc1 Nf4 13. Nb5 a6 14. Nc7 Rb8 15. a4 b5 16. axb5 axb5 17. b4 Bd7 18. Bxf4 exf4 19. Qe2 Rb6 20. e5 dxe5 21. Nxe5 Rd6 22. Rc5 Nxd5 23. Nxd5 Re8 24. Nxf4 Rd4 25. g3 Qa8 {Fedorov,A (2659)-Bologan,V (2620) Belfort 1999 1-0}) ({RR} 11. Bg5 Ne8 12. Rc1 a6 13. Qb3 Rb8 14. Be3 b5 15. a3 Bd7 16. Na2 f5 17. Nb4 a5 18. Nc6 Bxc6 19. dxc6+ Kh8 20. Ng5 a4 21. Nf7+ Rxf7 22. Qxf7 f4 23. Ba7 Ra8 24. c7 Nxc7 25. Bb6 Rc8 {Martinez Alcantara,J (2612)-Johnson,B (1980) chess.com INT 2024 1-0}) 11... Nh5 12. Nc4 Nf4 $146 13. Bxf4 exf4 14. Re1 a6 15. a4 g5 16. e5 dxe5 17. Nxe5 Ng6 18. Bxg6 hxg6 19. d6 Re8 20. Qd4 f3 21. g4 Bd7 22. Rad1 Rc8 23. Nd5 Be6 24. Nb6 Rc2 25. d7 Rf8 26. a5 Re2 27. Rxe2 fxe2 28. Re1 Qc7 29. Rxe2 Rd8 30. Qe4 Kh7 31. Nxg6 Qc1+ 32. Kg2 fxg6 33. Qxe6 Rf8 34. Qd5 Bf6 35. Re8 1-0

[Event "Titled Tue 3rd Dec Late"]
[Site "chess.com INT"]
[Date "2024.12.03"]
[Round "4"]
[White "Santos Latasa, J."]
[Black "Sarana, A."]
[Result "1-0"]
[WhiteElo "2628"]
[BlackElo "2674"]
[PlyCount "73"]
[EventDate "2024.12.03"]

1. Nf3 d5 2. e3 Nf6 3. c4 e6 4. Nc3 c5 5. cxd5 Nxd5 6. Bc4 Nc6 7. O-O Be7 8. d4 cxd4 9. exd4 O-O 10. Re1 Bf6 11. Ne4 Nce7 12. Nxf6+ Nxf6 13. Bg5 b6 ({RR} 13... Ng6 14. h4 Qa5 15. Ne5 Nd5 16. h5 Nxe5 17. dxe5 f6 18. Bd2 Qc5 19. Bxd5 exd5 20. Be3 Qc4 21. h6 fxe5 22. Rc1 Qg4 23. Qxd5+ Qe6 24. Qe4 Rf7 25. Rc5 Bd7 26. Rxe5 Qc6 27. Qh4 Re8 28. Rxe8+ {Valerga,D (2431)-Spata,G (2364) Mar del Plata ARG 2023 1-0 (32)}) 14. Ne5 Bb7 15. Rc1 $146 ({RR} 15. Bxf6 gxf6 16. Ng4 Kh8 17. Rc1 Rc8 18. Rc3 Rg8 19. Bf1 Nd5 20. Rxc8 Qxc8 21. g3 f5 22. Ne5 Rg7 23. Qd2 f6 24. Nd3 Rc7 25. Qh6 Rf7 26. Bg2 Qd7 27. Rc1 Kg8 28. a3 Rf8 29. Nf4 Nxf4 {Stocek,J (2582)-Babula,V (2569) Slovakia 2010 ½-½ (39)}) 15... Rc8 16. Rc3 Nf5 17. Nxf7 Rxf7 18. Bxe6 Nd6 19. Qb3 Kf8 20. Bxf7 Nxf7 21. Qa3+ Kg8 22. Bxf6 gxf6 23. Rxc8 Qxc8 24. Qxa7 Ng5 25. Qxb6 Kg7 26. h4 Ne4 27. f3 Ng3 28. Re7+ Kg6 29. Qxb7 Qc1+ 30. Kh2 Nf5 31. Qe4 h5 32. Re8 Qxb2 33. Rg8+ Kh7 34. Rc8 Kg6 35. Rc5 Qb8+ 36. f4 Qb2 37. Qxf5+ 1-0

[Event "Titled Tue 3rd Dec Late"]
[Site "chess.com INT"]
[Date "2024.12.03"]
[Round "9"]
[White "Aravindh, Chithambaram VR."]
[Black "Martinez Alcantara, Jose Eduardo"]
[Result "1-0"]
[WhiteElo "2718"]
[BlackElo "2598"]
[PlyCount "115"]
[EventDate "2024.12.03"]

1. Nf3 c5 2. d3 Nc6 3. c4 g6 4. Nc3 Bg7 5. g3 d6 6. Bg2 e6 7. O-O Nge7 8. Rb1 O-O 9. a3 b6 10. Bd2 Bb7 11. b4 Qd7 12. h4 ({RR} 12. e3 Rfd8 13. Qe2 Ne5 14. Nxe5 Bxe5 15. Ne4 Bxe4 16. Bxe4 Rac8 17. Rfd1 Qa4 18. d4 Bg7 19. bxc5 dxc5 20. dxc5 bxc5 21. Be1 Qxa3 22. Rb7 Nf5 23. Rdd7 Rxd7 24. Rxd7 Qa1 25. g4 Nh4 26. f4 h6 {Firouzja,A (2751)-Dominguez Perez,L (2748) Saint Louis USA 2024 1-0 (54)}) ({RR} 12. Re1 Nd4 13. e3 Nxf3+ 14. Bxf3 Bxf3 15. Qxf3 Nc6 16. bxc5 dxc5 17. Ne4 f5 18. Ng5 Ne5 19. Qg2 h6 20. Nh3 g5 21. d4 g4 22. dxe5 gxh3 23. Qf3 Qxd2 24. Rbd1 Qc3 25. Qc6 Qxe5 26. e4 f4 {Lee,A (2389)-Martinez Alcantara,J (2606) chess.com INT 2025 0-1 (37)}) 12... h6 13. Qc1 $146 ({RR} 13. bxc5 dxc5 14. Nb5 e5 15. a4 f5 16. a5 Nxa5 17. Qc1 f4 18. Bxa5 bxa5 19. Kh2 e4 20. dxe4 Bxe4 21. Rd1 fxg3+ 22. fxg3 Qc6 23. Rb3 Nf5 24. Nc3 Rae8 25. Nxe4 Rxe4 26. Ng1 Nxh4 27. Rd5 Nxg2 {Voiska,M (2328)-Zhukova,N (2482) Kragujevac 2015 0-1}) 13... Kh7 14. e3 Rad8 15. Rd1 Ba8 16. Be1 e5 17. h5 gxh5 18. bxc5 dxc5 19. Nd5 Ng6 20. Bc3 f5 21. Qc2 Nce7 22. e4 f4 23. a4 Bc6 24. Qb2 Qd6 25. a5 Rb8 26. axb6 axb6 27. Ra1 b5 28. Ra6 b4 29. Be1 Qd7 30. Rda1 Nc8 31. Kh2 Bxd5 32. cxd5 Nd6 33. Rc6 c4 34. dxc4 Nxe4 35. Qb1 fxg3+ 36. fxg3 Qg4 37. Rxg6 Qxg6 38. Nh4 Qg4 39. Qxe4+ Kg8 40. d6 b3 41. c5 b2 42. Rb1 Rfd8 43. Nf5 Qg5 44. Bc3 Bf6 45. Rxb2 Rbc8 46. c6 h4 47. gxh4 Qg6 48. Bh3 Kh8 49. Rg2 Qh7 50. Bxe5 Rf8 51. d7 Rxc6 52. Qxc6 Bxe5+ 53. Kh1 Rb8 54. Qc8+ Qg8 55. Rxg8+ Kh7 56. Qxb8 Bxb8 57. Rg7+ Kh8 58. d8=Q# 1-0

[Event "Titled Tue 10th Dec Early"]
[Site "chess.com INT"]
[Date "2024.12.10"]
[Round "4"]
[White "Giri, A."]
[Black "Holt, C."]
[Result "1-0"]
[WhiteElo "2733"]
[BlackElo "2540"]
[PlyCount "123"]
[EventDate "2024.12.10"]

1. Nf3 d5 2. g3 Bg4 3. Bg2 Nd7 4. h3 Bh5 5. d4 e6 6. c4 c6 7. cxd5 exd5 8. Nc3 Be7 ({RR} 8... Ngf6 9. Ne5 Bg6 10. O-O Qb6 11. Nxd7 Nxd7 12. e4 dxe4 13. Nxe4 Be7 14. d5 Bxe4 15. Bxe4 Nf6 16. Bg2 cxd5 17. Re1 Rd8 18. Be3 d4 19. Qa4+ Kf8 20. Bd2 Qxb2 21. Qd1 Bb4 22. Bxb4+ Qxb4 23. Rb1 {Berczes,D (2406)-Gombocz,F (2316) Budapest HUN 2025 1-0}) 9. O-O Ngf6 10. Ne5 Nxe5 $146 ({RR} 10... Bg6 11. f4 Be4 12. Nxe4 Nxe4 13. Bxe4 dxe4 14. Qb3 O-O 15. Qxb7 Nxe5 16. dxe5 Bc5+ 17. Kh2 Rb8 18. Qa6 Qd5 19. Qa4 Rb4 20. Qc2 Rc4 21. Qb3 a5 22. Rd1 Qe6 23. f5 a4 24. fxe6 axb3 25. e7 {Gauri,S (2345)-Moradiabadi,E (2540) Greensboro 2018 ½-½}) 11. dxe5 Ne4 12. Nxe4 dxe4 13. Qc2 Qd5 14. Bxe4 Qe6 15. Bf4 Bg6 16. Kg2 Rd8 17. Rfd1 Rxd1 18. Rxd1 Bxe4+ 19. Qxe4 Qxa2 20. h4 Qe6 21. Qd4 a6 22. Qb6 Qc8 23. Rd3 Bd8 24. Qc5 Be7 25. Qa7 O-O 26. Rb3 Qg4 27. Rxb7 Bxh4 28. f3 Qg6 29. Qxa6 Bg5 30. Qd3 Bxf4 31. Qxg6 fxg6 32. gxf4 Rxf4 33. e6 Kf8 34. Rc7 Rb4 35. Rf7+ Kg8 36. Rc7 Kf8 37. Rxc6 Rxb2 38. Kf2 Ke7 39. Rc7+ Kxe6 40. Rxg7 h5 41. Rxg6+ Kf5 42. Rg8 h4 43. Rh8 Kg5 44. Re8 Ra2 45. Re5+ Kg6 46. Re4 Kg5 47. Kg2 Ra1 48. Rg4+ Kh5 49. Rd4 Re1 50. Rd5+ Kg6 51. Re5 Kf6 52. Re4 Kg5 53. Kh2 Kh5 54. Re5+ Kg6 55. Kh3 Kf6 56. Re4 Kg5 57. Rg4+ Kf5 58. e4+ Ke5 59. Rxh4 Rg1 60. Rg4 Rf1 61. Kg2 Kd4 62. Kxf1 1-0

[Event "Titled Tue 10th Dec Early"]
[Site "chess.com INT"]
[Date "2024.12.10"]
[Round "11"]
[White "Carlsen, M."]
[Black "Banusz, T."]
[Result "1-0"]
[WhiteElo "2831"]
[BlackElo "2574"]
[PlyCount "61"]
[EventDate "2024.12.10"]

1. Nf3 d5 2. g3 Bg4 3. c4 Bxf3 4. exf3 c6 ({RR} 4... dxc4 5. Bxc4 e6 6. d4 Nf6 7. Nc3 c6 8. O-O Nbd7 9. Be3 Be7 10. Qe2 O-O 11. Rfd1 a5 12. a3 Nb6 13. Ba2 Nbd5 14. Ne4 Nxe3 15. Nxf6+ Bxf6 16. fxe3 Qb6 17. Rac1 Rfd8 18. Rc2 Rd7 19. Kg2 {Carlsen,M (2833)-Indjic,A (2650) chess.com INT 2025 1-0 (40)}) 5. d4 ({RR} 5. Qb3 Qd7 6. d4 Nf6 7. Nc3 e6 8. h4 Be7 9. Be3 O-O 10. Rd1 dxc4 11. Bxc4 b5 12. Bd3 a5 13. O-O a4 14. Qc2 Na6 15. a3 Nc7 16. Ne4 g6 17. Bf4 Ncd5 18. Be5 Rfc8 19. Kg2 Ne8 {Carlsen,M (2859)-Gukesh,D (2725) chess.com INT 2022 1-0 (46)}) 5... e6 6. Nc3 Nf6 7. Qb3 $146 ({RR} 7. Be3 Be7 8. Qb3 Qb6 9. c5 Qc7 10. Bf4 Qc8 11. Bd3 Nbd7 12. Qd1 O-O 13. O-O g6 14. b4 b6 15. Re1 a5 16. a3 axb4 17. axb4 Qb7 18. Qc2 Rxa1 19. Rxa1 Ra8 20. Ra4 Rxa4 21. Qxa4 bxc5 {Ferey,A (2226)-Usov,A (2339) chess.com INT 2025 0-1 (48)}) 7... Qc7 8. Bf4 Qb6 9. c5 Qxb3 10. axb3 Be7 11. b4 O-O 12. Bd3 Nbd7 13. b5 Nh5 14. Be3 e5 15. b4 f5 16. bxc6 bxc6 17. f4 exf4 18. gxf4 Bf6 19. Kd2 g6 20. b5 Nxc5 21. dxc5 d4 22. bxc6 Rfc8 23. Ra6 dxe3+ 24. fxe3 Bxc3+ 25. Kxc3 Nf6 26. Rb1 Nd5+ 27. Kd4 Ne7 28. Bc4+ Kf8 29. Rb7 Nxc6+ 30. Kc3 Ne7 31. Rf6+ 1-0